| 000 | 00916 a2200193 4500 | ||
|---|---|---|---|
| 003 | NUST | ||
| 005 | 20251125130338.0 | ||
| 040 | _cNust | ||
| 082 | _a621.382, ASA | ||
| 100 |
_aAsad, Muhammad (TCC-20) _9131218 |
||
| 245 |
_aVirtual orthogonal antenna (compact antenna array with) enhanced beam-forming capability / _cMuhammad Asad, Haisem Khan, Hassan Sultan Shah and Anse Irteza But TCC-20 |
||
| 260 |
_aRawalpindi _bMCS (NUST) _cJune 2012 |
||
| 300 | _a65 P.; | ||
| 505 | _aIntroduction (Page-1), Literature Review (Page-3), Antenna Design (Page-13), Decoupling Network (DN) Design (Page-29), Matching Network (MN) Design (Page-36), Beam-Forming Network (BFN) Design (Page-46), Complete System Integration (Page-51), Application (Page-54), References (Page-56). | ||
| 650 |
_aUG Project _9131132 |
||
| 651 |
_aTCC-20 _9131219 |
||
| 700 |
_aSupervised by Dr. Farooq Ahmed Bhatti _9132064 |
||
| 942 |
_cPR _2ddc |
||
| 999 |
_c215423 _d215423 |
||